Loading...
Fine Arts - Classical Music | 4 | 7.50 | 75% | 0% | 0% |
Fine Arts - Other Fine Arts | 3 | 3.33 | 33% | 0% | 0% |
Fine Arts - Visual Fine Arts | 2 | 5.00 | 50% | 0% | 0% |
Geography/Current Events | 1 | 10.00 | 100% | 0% | 0% |
History - American History | 2 | 15.00 | 100% | 0% | 50% |
History - European History | 1 | 10.00 | 100% | 0% | 0% |
History - Other History | 4 | 7.50 | 75% | 0% | 0% |
History - World History | 4 | 17.50 | 100% | 50% | 25% |
Literature - American Literature | 5 | 6.00 | 60% | 0% | 0% |
Literature - British Literature | 5 | 6.00 | 60% | 0% | 0% |
Literature - European Literature | 4 | 7.50 | 75% | 0% | 0% |
Literature - World/Other Literature | 4 | 10.00 | 100% | 0% | 0% |
Mythology | 6 | 10.00 | 67% | 17% | 17% |
Philosophy | 2 | 5.00 | 50% | 0% | 0% |
Pop Culture | 1 | 0.00 | 0% | 0% | 0% |
Religion | 4 | 10.00 | 100% | 0% | 0% |
Science - Biology | 3 | 3.33 | 33% | 0% | 0% |
Science - Chemistry | 4 | 15.00 | 75% | 75% | 0% |
Science - Other Science | 4 | 17.50 | 100% | 75% | 0% |
Science - Physics | 5 | 10.00 | 100% | 0% | 0% |
Social Science | 1 | 20.00 | 100% | 100% | 0% |